G.U.Y. - Lady Gaga (All Lyrics) - Statistics

General Stats
  • This quiz has been taken 171 times
  • The average score is 289 of 361
Answer Stats
Hint Answer % Correct
be
98%
G.U.Y.
98%
guy
98%
"Guy
98%
Verse 1 I
98%
wanna
98%
when
98%
a
97%
the
97%
The
97%
you
97%
you,
97%
girl
96%
G.I.R.L.
96%
under
94%
Under
94%
to
93%
and
92%
(And
92%
love
92%
love)
92%
Love
92%
love,
92%
of
92%
(Of
92%
that
92%
me,
91%
me
91%
sex
91%
this
90%
don't
87%
Touch
87%
touch
87%
Greetings,
86%
I'm
86%
God
85%
please
85%
your
85%
desire,
83%
sexual
83%
gonna
81%
Lay
81%
lay
81%
Let
81%
son
81%
sweet
81%
wear
81%
Aphrodite
80%
cry
80%
makes
80%
power
79%
no
78%
on
77%
back,
76%
in
76%
want
74%
lie
73%
control
72%
leave
72%
new
72%
retweet
72%
exciting
70%
Know
70%
know
70%
as
69%
(As
69%
my
69%
positions
69%
tell
69%
top
69%
with
69%
yeah)
69%
yeah,
69%
for
68%
(Oh
68%
Oh
68%
Our
68%
earth
67%
Through
67%
us
66%
audio
65%
grave
64%
lies
64%
like
63%
feast
62%
truth
62%
full
61%
own
61%
You'll
61%
you'll
61%
guides
60%
just
60%
strong
60%
make-up
59%
aiming
58%
Because
58%
hold
58%
it
58%
say
58%
shy
58%
enough
57%
well
57%
word
57%
hot
56%
need
56%
time
55%
tie,
54%
up
54%
up,
54%
best
53%
down
53%
Himeros
53%
face
52%
I'll
50%
'Cause
47%
charge
47%
Get
42%
into
42%
Romancing
42%
worth
41%
doesn't
39%
atmosphere)
38%
goddess)
37%
Loves"
37%
moon
36%
Nein,
36%
Zedd!
33%
Zedd
33%
(Mount
30%
Mars'
29%
comes
27%
spirit
27%
right
26%
summer
25%
phase)
24%
rams
19%
wreck
18%
drei,
17%
eins
14%
vierzehn,
14%
warring
14%
Fourteen,
11%
No matching quizzes found
Score Distribution
Percent of People with Each Score
Percentile by Number Answered
Your Score History
You have not taken this quiz